000 00999 a2200193 4500
003 Nust
005 20230712124146.0
020 _a8122416829
040 _cNust
082 _a530.41,PIL
100 _aS.O.Pillai
245 _aSolid State Physics /
_cS.O.Pillai
250 _a6 th ed
260 _aNew Delhi
_bNew Age International pub
_c2005
300 _a819:p
505 _aIntroduction (Page-1), Review of atomic structure (Page-3), Inter atomic forces and bonding in solids (Page-47), Crystal Physics (Page-87), Wave nature of matter and X-ray diffraction (Page-157), Electrical properties of metals (Page-179), Thermal properties of solids (Page-334), Superconductivity (Page-358), Magnetic Properties of Materials (Page-429), Physics of Semiconductors (Page-523), Dielectrics and related properties (Page-625), Optical properties do 751 solids (Page-696), Miscellaneous Optics (Page-751), Some useful Information (Page-764).
650 _aSolid state physics.
_934429
942 _2ddc
_cBK
999 _c180777
_d180777